000 00503nam a2200181Ia 4500
001 11469
005 20260306162830.0
008 260306t2012||||xx |||||||||||||| ||spa||
041 _aESP
082 _a985.06
_bP26A
100 _aParodi Revoredo, Daniel
_eAUT
245 0 _aLo que dicen de nosotros:
_bla guerra del Pacífico en la historiografía y textos escolares chilenos
260 _c2012
300 _a102 páginas :
_c21 cm.
650 _aGEN
654 _aCHU
942 _cLIB
_dJUS
_fJUS
_2ddc
_n
999 _c11469
_d11469